000 00981fam a22003018a 4500
001 1367140
005 20151112150524.0
008 920903s1993 inu b 001 0 eng
010 _a 92030604
020 _a0253316073
035 _a(OCoLC)26673740
035 _a(OCoLC)ocm26673740
035 _a(NNC)1367140
040 _aDLC
_cDLC
_dNNC
050 0 0 _aP116
_b.D36 1993
082 0 0 _a195
_220
100 1 _aDanesi, Marcel,
_d1946-
_921106
245 1 0 _aVico, metaphor, and the origin of language /
_cMarcel Danesi.
260 _aBloomington and Indianapolis :
_bIndiana University Press,
_cc1993.
263 _a9312
300 _ax, 190 p. :
_bill. ;
_c25 cm.
504 _aIncludes bibliographical references (p. [165]-186) and index.
600 1 0 _aVico, Giambattista,
_d1668-1744
_xContributions in the origin of language.
_921107
650 0 _aLanguage and languages
_xOrigin.
_914516
650 0 _aMetaphor.
_911427
942 _2lcc
_cMONOGRAPH
999 _c123794
_d123794